Universidades Nacionales : evolución del crédito y ejecución presupuestaria, año 1993.

Guardado en:
Autor Corporativo: Argentina. Secretaría de Políticas Universitarias.
Formato: Libro
Idioma:Spanish
Publicado: Buenos Aires, 1994.
Etiquetas: Agregar Etiqueta
Sin Etiquetas, Sea el primero en etiquetar este registro!
LEADER 00547nam a22001575a 4500
001 EEA.libagro005249
005 20180920124034.0
008 130809s1994####ag#a##########000#0#spa#d
082 0 4 |a 379.1214 
082 0 4 |a 658.15932 
082 0 4 |a 350.85 
110 2 |a Argentina.  |b Secretaría de Políticas Universitarias. 
245 1 0 |a Universidades Nacionales :  |b evolución del crédito y ejecución presupuestaria, año 1993. 
260 |a Buenos Aires,  |c 1994. 
300 |a 1 v. (sin paginar) :  |b il. ;  |c 29 cm. 
859 |a AR-BbBCA  |b BIB. AGRONOMIA  |h 379.1214  |i A691  |p 1996/2521